000 01227nam a2200337 i 4500
003 EG-GICUC
005 20260226142823.0
008 251217s2005 ua ||||fr|||| 00| 0 ara d
017 _a2005/4792
040 _a EG-GICUC
_bara
_c EG-GICUC
_d EG-GICUC
_erda
041 0 _aara
082 0 4 _221
_a343.624
_bن ب . ع
092 0 4 _221
099 _aLaw1 10 343.624 ن ب . ع 2 ed - 2005
100 0 _aنبيله عباس الشوريجي
_eمؤلف.
245 1 0 _aعلم النفس الاجتماعي /
_cالدكتورة نبيله عباس الشوريجي.
250 _a الطبعة الأولى
250 _aالطبعة الثانية مزيدة ومنقحة
264 1 _aالقاهرة :
_bدار النهضة العربية،
_c2005.
300 _a247 صفحة ؛
_c24 سم.
336 _2rda content
_atext
337 _2rda media
_aComputer
338 _2rda carrier
_aOnline Resource
504 _a. 239-245 ببليوجرافيا: صفحات
546 _aالنص باللغة العربية
650 1 4 _aالإتجاة الإجتماعي
650 1 4 _aالقانون الجنائي
856 4 0 _uhttps://fll.law.cu.edu.eg/fulltext/bks/B10-07164.pdf
905 _a77
942 _2ddc
_cBK
_e21
_n0
999 _c51515
_d51515